MARC details
| 000 -CABECERA |
| campo de control de longitud fija |
01618nam a2200325 i 4500 |
| 003 - IDENTIFICADOR DEL NÚMERO DE CONTROL |
| campo de control |
DO-SdBNP |
| 005 - FECHA Y HORA DE LA ÚLTIMA TRANSACCIÓN |
| campo de control |
20260114102846.0 |
| 007 - CAMPO FIJO DE DESCRIPCIÓN FÍSICA--INFORMACIÓN GENERAL |
| campo de control de longitud fija |
ta |
| 008 - DATOS DE LONGITUD FIJA--INFORMACIÓN GENERAL |
| campo de control de longitud fija |
081127s1994 dr 000 0 spa d |
| 040 ## - FUENTE DE LA CATALOGACIÓN |
| Centro catalogador/agencia de origen |
DO-SdBNP |
| Lengua de catalogación |
spa |
| Centro/agencia transcriptor |
BNPHU |
| Normas de descripción |
rda |
| 041 ## - CÓDIGO DE LENGUA |
| Código de lengua del texto/banda sonora o título independiente |
spa |
| 082 #4 - NÚMERO DE LA CLASIFICACIÓN DECIMAL DEWEY |
| Número de clasificación |
158 |
| Número de documento/Ítem |
A561h 1994 |
| Número de edición |
22 |
| 100 ## - ENTRADA PRINCIPAL--NOMBRE DE PERSONA |
| Nombre de persona |
Andrés, Mateo, |
| Títulos y otros términos asociados al nombre |
S.J |
| Término indicativo de función/relación |
autor |
| Código de función/relación |
aut. |
| 9 (RLIN) |
915 |
| 245 10 - MENCIÓN DE TÍTULO |
| Título |
Hacia la realización del hombre : |
| Resto del título |
fundamentos de psicología / |
| Mención de responsabilidad, etc. |
Mateo Andrés, s.j. |
| 250 ## - MENCIÓN DE EDICIÓN |
| Mención de edición |
Segunda edición |
| 264 #4 - PRODUCCIÓN, PUBLICACIÓN, DISTRIBUCIÓN, FABRICACIÓN Y COPYRIGHT |
| Producción, publicación, distribución, fabricación y copyright |
Santo Domingo, República Dominicana : |
| Nombre del de productor, editor, distribuidor, fabricante |
Ediciones MSC, |
| Fecha de producción, publicación, distribución, fabricación o copyright |
©1994. |
| 300 ## - DESCRIPCIÓN FÍSICA |
| Extensión |
184 páginas ; |
| Dimensiones |
22 cm. |
| 336 ## - TIPO DE CONTENIDO |
| Término de tipo de contenido |
texto |
| Código de tipo de contenido |
txt |
| Fuente |
rdacontent |
| 337 ## - TIPO DE MEDIO |
| Nombre/término del tipo de medio |
sin mediación |
| Código del tipo de medio |
n |
| Fuente |
rdamedia |
| 338 ## - TIPO DE SOPORTE |
| Nombre/término del tipo de soporte |
volumen |
| Código del tipo de soporte |
nc |
| Fuente |
rdacarrier |
| 490 0# - MENCIÓN DE SERIE |
| Mención de serie |
Colección pensamiento y vida |
| 505 2# - NOTA DE CONTENIDO CON FORMATO |
| Nota de contenido con formato |
Lección primera: -- |
| Título |
definición de psicología. Objeto, método, principales aplicaciones -- |
| Información miscelánea |
Lección segunda -- |
| Título |
Maduración y desarrollo -- |
| Información miscelánea |
Lección tercera -- |
| Título |
Motivación y conducta humana -- |
| Información miscelánea |
Lección cuarta -- |
| Título |
Mecanismos de defensa -- . |
| Información miscelánea |
Lección quinta -- |
| Título |
Conducta humana y salud mental -- |
| Información miscelánea |
Lección sexta -- |
| Título |
Frustración -- |
| Información miscelánea |
Lección séptima -- |
| Título |
Cura de las enfermedades mentales -- |
| Información miscelánea |
Lección octava -- |
| Título |
Conducta humana y madurez mental -- |
| Información miscelánea |
Lección novena -- |
| Título |
Conducta humana y percepción -- |
| Información miscelánea |
Lección décima -- |
| Título |
Conducta humana y sociedad -- |
| Información miscelánea |
Lección undécima -- |
| Título |
La personalidad. |
| 590 ## - NOTA LOCAL (RLIN) |
| Nota local |
Inventariado, 2025/BT |
| 650 #4 - PUNTO DE ACCESO ADICIONAL DE MATERIA--TÉRMINO DE MATERIA |
| Término de materia o nombre geográfico como elemento de entrada |
Psicología |
| 9 (RLIN) |
152 |
| 650 #0 - PUNTO DE ACCESO ADICIONAL DE MATERIA--TÉRMINO DE MATERIA |
| Término de materia o nombre geográfico como elemento de entrada |
Conducta (Psicología) |
| 9 (RLIN) |
673 |
| 650 #4 - PUNTO DE ACCESO ADICIONAL DE MATERIA--TÉRMINO DE MATERIA |
| Término de materia o nombre geográfico como elemento de entrada |
Sexo (psicología) |
| 9 (RLIN) |
153 |
| 650 #4 - PUNTO DE ACCESO ADICIONAL DE MATERIA--TÉRMINO DE MATERIA |
| Término de materia o nombre geográfico como elemento de entrada |
Frustración |
| 9 (RLIN) |
916 |
| 910 ## - DATOS DE OPCIÓN DEL USUARIO (OCLC) |
| Datos de opción del usuario |
Btavárez |
| 942 ## - ELEMENTOS DE PUNTO DE ACCESO ADICIONAL (KOHA) |
| Fuente del sistema de clasificación o colocación |
Dewey Decimal Classification |
| Tipo de ítem Koha |
Libro |